Best NBA Player From Each Height - Statistics

General Stats
  • This quiz has been taken 57 times
  • The average score is 14 of 28
Answer Stats
Hint Answer % Correct
6'9 LeBron James
95%
6'6 Michael Jordan
92%
5'3 Muggsy Bogues
90%
7'7 Manute Bol
85%
6'2 Stephen Curry
85%
7'2 Kareem Abdul-Jabbar
79%
6'11 Tim Duncan
69%
7'1 Wilt Chamberlain
69%
5'6 Spud Webb
67%
7'4 Victor Wembanyama
67%
7'6 Yao Ming
67%
6'0 Allen Iverson
64%
5'9 Isaiah Thomas
59%
6'1 Isiah Thomas
59%
7'0 Hakeem Olajuwon
54%
6'3 Jerry West
54%
6'10 Bill Russell
41%
6'8 Scottie Pippen
41%
6'4 Dwyane Wade
33%
6'7 Julius Erving
33%
7'3 Kristaps Porzingis
33%
6'5 Oscar Robertson
33%
5'5 Earl Boykins
18%
5'10 Damon Stoudamire
10%
7'5 Sim Bhullar
10%
5'8 Charlie Criss
5%
5'11 Ty Lawson
5%
5'7 Keith Jennings
3%
No matching quizzes found
Score Distribution
Percent of People with Each Score
Percentile by Number Answered
Your Score History
You have not taken this quiz